Statistics for Best Songs Ever

Click here to take the quiz!

General Stats

  • This quiz has been taken 36 times
  • The average score is 5 of 19

Answer Stats

HintAnswer% Correct
Yellow SubmarineThe Beatles
89%
Let It BeThe Beatles
89%
AfricaToto
89%
Rocket ManElton John
82%
HappyPharrell Williams
64%
This Is AmericaChildish Gambino
32%
Rich GirlHall & Oates
25%
Southern CrossCrosby, Stills and Nash
21%
Prom NightChance the Rapper
7%
The MessageGrandmaster Flash
7%
2009Mac Miller
7%
See You AgainTyler, The Creator
7%
Bigger Than MeBig Sean
4%
Hey Up ThereBuddy
4%
Icon (Electric)Jaden Smith
4%
NobodySpose
4%
Broad ShouldersTaylor Bennett
4%
How You FeelTrippie Redd
4%
HighYoung Thug
4%

Score Distribution

Percentile by Number Answered

Percent of People with Each Score

Your Score History

You have not taken this quiz